<?xml version="1.0" encoding="UTF-8"?>
<collection xmlns="http://www.loc.gov/MARC21/slim">
 <record>
  <leader>03320nam a2200277 a 4500</leader>
  <controlfield tag="001">1/44853</controlfield>
  <controlfield tag="008">140703s2011    uk            001 0 eng  </controlfield>
  <datafield tag="020" ind1=" " ind2=" ">
   <subfield code="a">9780123838421 (electronic bk.)</subfield>
  </datafield>
  <datafield tag="020" ind1=" " ind2=" ">
   <subfield code="a">0123838428 (electronic bk.)</subfield>
  </datafield>
  <datafield tag="035" ind1=" " ind2=" ">
   <subfield code="l">47807</subfield>
  </datafield>
  <datafield tag="040" ind1=" " ind2=" ">
   <subfield code="a">OPELS</subfield>
   <subfield code="b">eng</subfield>
   <subfield code="c">OPELS</subfield>
   <subfield code="d">YDXCP</subfield>
   <subfield code="d">CDX</subfield>
   <subfield code="d">TEF</subfield>
   <subfield code="d">OCLCQ</subfield>
   <subfield code="d">OCLCF</subfield>
   <subfield code="d">GR-PeUP</subfield>
  </datafield>
  <datafield tag="100" ind1="1" ind2=" ">
   <subfield code="a">Boyce, Meherwan P.</subfield>
  </datafield>
  <datafield tag="245" ind1="1" ind2="0">
   <subfield code="a">Gas turbine engineering handbook</subfield>
   <subfield code="h">[electronic resource] /</subfield>
   <subfield code="c">Meherwan P. Boyce.</subfield>
  </datafield>
  <datafield tag="250" ind1=" " ind2=" ">
   <subfield code="a">4th ed.</subfield>
  </datafield>
  <datafield tag="260" ind1=" " ind2=" ">
   <subfield code="a">Oxford :</subfield>
   <subfield code="b">Butterworth-Heinemann,</subfield>
   <subfield code="c">2011.</subfield>
  </datafield>
  <datafield tag="300" ind1=" " ind2=" ">
   <subfield code="a">1 online resource (1 v.)</subfield>
  </datafield>
  <datafield tag="520" ind1=" " ind2=" ">
   <subfield code="a">Written by one of the field's most well known experts, the Gas Turbine Engineering Handbook has long been the standard for engineers involved in the design, selection, maintenance and operation of gas turbines. With far reaching, comprehensive coverage across a range of topics from design specifications to maintenance troubleshooting, this one-stop resource provides newcomers to the industry with all the essentials to learn and fill knowledge gaps, and established practicing gas turbine engineers with a reliable go-to reference. This new edition brings the Gas Turbine Engineering Handbook right up to date with new legislation and emerging topics to help the next generation of gas turbine professionals understand the underlying principles of gas turbine operation, the economic considerations and implications of operating these machines, and how they fit in with alternative methods of power generation. The most comprehensive one-stop source of information on industrial gas turbines, with vital background, maintenance information, legislative details and calculations combined in an essential all-in-one reference Written by an industry-leading consultant and trainer and suitable for use as a training companion or a reliable dip-in guide Includes hard-won information from industry experts in the form of case histories that offer practical trouble-shooting guidance and solutions.</subfield>
  </datafield>
  <datafield tag="505" ind1="0" ind2=" ">
   <subfield code="a">Chapter 1: Overview of Gas Turbines -- Chapter 2: Theoretical and Actual Cycle Analysis -- Chapter 3: Compressor and Turbine Performance Characteristics -- Chapter 4: Performance and Mechanical Standards -- Chapter 5: Rotor Dynamics -- Chapter 6: Centrifugal Compressors -- Chapter 7: Axial-Flow Compressors -- Chapter 8: Radial-Inflow Turbines -- Chapter 9: Axial-Flow Turbines -- Chapter 10: Combustors -- Chapter 11: Materials -- Chapter 12: Gas Clean Up System -- Chapter 13: Bearings and Seals -- Chapter 14: Gears -- Chapter 15: Lubrication -- Chapter 16: Spectrum Analysis -- Chapter 17: Balancing -- Chapter 18: Couplings and Alignment -- Chapter 19: Control Systems and Instrumentation -- Chapter 20: Gas Turbine Performance Test -- Chapter 21: Maintenance Techniques -- Chapter 22: Case Studies -- Appendix: Equivalent Units.</subfield>
  </datafield>
  <datafield tag="500" ind1=" " ind2=" ">
   <subfield code="a">Previous ed.: Boston, Mass.: Gulf Professional Pub., 2006.</subfield>
  </datafield>
  <datafield tag="504" ind1=" " ind2=" ">
   <subfield code="a">Includes bibliographical references and index.</subfield>
  </datafield>
  <datafield tag="650" ind1=" " ind2="4">
   <subfield code="a">Gas-turbines.</subfield>
  </datafield>
  <datafield tag="655" ind1=" " ind2="4">
   <subfield code="a">Electronic books.</subfield>
  </datafield>
  <datafield tag="852" ind1=" " ind2=" ">
   <subfield code="a">INST</subfield>
   <subfield code="b">UNIPILB</subfield>
   <subfield code="c">EBOOKS</subfield>
   <subfield code="e">20140703</subfield>
   <subfield code="p">00b47807</subfield>
   <subfield code="q">00b47807</subfield>
   <subfield code="t">ONLINE</subfield>
   <subfield code="y">0</subfield>
  </datafield>
  <datafield tag="856" ind1="4" ind2="0">
   <subfield code="3">ScienceDirect</subfield>
   <subfield code="u">http://www.sciencedirect.com/science/book/9780123838421</subfield>
  </datafield>
  <datafield tag="856" ind1="4" ind2=" ">
   <subfield code="d">/webopac/covers/03/47807_9780123838421.jpg</subfield>
   <subfield code="z">(electronic bk.)</subfield>
  </datafield>
  <datafield tag="856" ind1="4" ind2=" ">
   <subfield code="d">/webopac/covers/03/47807_0123838428.jpg</subfield>
   <subfield code="z">(electronic bk.)</subfield>
  </datafield>
 </record>
</collection>
